The story of my world,challenges,experiences and achievement: (Record no. 19006)
[ view plain ]
| 000 -LEADER | |
|---|---|
| fixed length control field | 00618nam a22001937a 4500 |
| 008 - FIXED-LENGTH DATA ELEMENTS--GENERAL INFORMATION | |
| fixed length control field | 240408b |||||||| |||| 00| 0 eng d |
| 020 ## - INTERNATIONAL STANDARD BOOK NUMBER | |
| ISBN | 9789789332403 |
| 040 ## - CATALOGING SOURCE | |
| Original cataloging agency | NLN |
| Language of cataloging | English |
| Description conventions | AACR2 |
| 100 ## - MAIN ENTRY--AUTHOR | |
| Author | AKANBI, M.M.A. |
| 245 ## - TITLE STATEMENT | |
| Title | The story of my world,challenges,experiences and achievement: |
| Remainder of title | an autobiography/ |
| Statement of responsibility, etc | M.M.A. Akanbi |
| 260 ## - PUBLICATION, DISTRIBUTION, ETC. (IMPRINT) | |
| Place of publication | [s.l]: |
| Name of publisher | Optimum Law Publication, |
| Date of publication | 2014. |
| 300 ## - COLLATION | |
| Pagination | xxiv,412p.: |
| Other physical details | ill.,ports.;23cm. |
| 563 ## - BINDING INFORMATION | |
| Binding note | (pbk) |
| 650 ## - TRACINGS | |
| Main Subject | Akanbi, M.M.A., 1932- |
| 650 ## - TRACINGS | |
| Main Subject | Judges |
| Subdivision (1st) | Nigeria |
| Subdivision (2nd) | Biography |
| 942 ## - ADDED ENTRY ELEMENTS (KOHA) | |
| Item type | Books |
| 050 ## - LIBRARY OF CONGRESS CALL NUMBER | |
| Classification number | DT515.83 |
| Item number | .A3 |
| 082 ## - DEWEY DECIMAL CLASSIFICATION NUMBER | |
| Classification number | 923.4669 |
| Source of classification or shelving scheme | Not for loan | Home library | Current library | Date acquired | Accession No. | Full call number | Barcode. | Koha item type |
|---|---|---|---|---|---|---|---|---|
| Library of Congress Classification | MAKURDI BRANCH LIBRARY | National Library of Nigeria | 08/04/2024 | 208,031 | DT515.83 .A3 | 208,031 | Books |
